000 00522nam a2200181Ia 4500
005 20250508162833.0
008 008 250505s9999 xx 000 0 eng d
037 _aTextual
040 _aFEDL
_beng
_cFEDL
041 _aeng
_2eng
084 _a954.03, GOR
_qFEDL
100 _aGoradia Nayana
_9449607
245 0 _aLord curzon : The last of the british moghuls
260 _aDelhi, India
_bOxford University Press
_c1993
300 _a309p.
942 _cTEXL
_h954.03, GOR
999 _c1378972
_d1378972